Price discrimination in economics journals /
محفوظ في:
| المؤلف الرئيسي: | |
|---|---|
| التنسيق: | أطروحة كتاب |
| اللغة: | English |
| منشور في: |
2005.
|
| الموضوعات: | |
| الوسوم: |
إضافة وسم
لا توجد وسوم, كن أول من يضع وسما على هذه التسجيلة!
|
| LEADER | 00961cam a2200265 a 4500 | ||
|---|---|---|---|
| 001 | u717252 | ||
| 003 | SIRSI | ||
| 008 | 060123s2005 my a t 000 0 eng m | ||
| 040 | |a UME |d UMM | ||
| 043 | |a a-my--- | ||
| 090 | |a HB71 |b UM 2005 Qua | ||
| 099 | |a HB71 |b UM 2005 Qua | ||
| 100 | 1 | 0 | |a Quah, Boon Huat. |
| 245 | 1 | 0 | |a Price discrimination in economics journals / |c Quah Boon Huat. |
| 260 | |c 2005. | ||
| 300 | |a iii, 34 leaves : |b ill ; |c 30 cm. | ||
| 502 | |a Dissertation (M.Ec.) -- Fakulti Ekonomi dan Pentadbiran, Universiti Malaya, 2005. | ||
| 504 | |a Bibliography: leaves 32-34. | ||
| 650 | 0 | |a Economics |x Periodicals |x Prices. | |
| 650 | 0 | |a Price discrimination. | |
| 710 | 2 | 0 | |a Universiti Malaya. |b Fakulti Ekonomi dan Pentadbiran. |
| 856 | |f IARC:A511957154 |z Click Here for Abstract and Table of Contents | ||
| 900 | |a HH | ||
| 596 | |a 1 | ||
| 999 | |a HB71 UM 2005 QUA |w LC |c 1 |i A512499755 |d 11/1/2011 |e 11/1/2011 |f 9/8/2006 |g 1 |l STACKS |m P01UTAMA |n 3 |r Y |s Y |t TESIS |u 8/8/2006 | ||
